000 03318nam a2200289Ia 4500
003 OSt
005 20210817155823.0
008 210310s2005 ck ad gr 000 0dspa d
020 _a9580489947
040 _aCO-JMCR
_cCO-JMCR
041 0 _aspa
082 0 4 _a336.02 /
_bS246n
_223
100 1 _aSarmiento Palacio, Eduardo,
_917005
_eautor
245 1 3 _aEl nuevo paradigma de la estabilidad, el crecimiento y la distribución del ingreso /
_cEduardo Sarmiento Palacio
250 _aPrimera edición
260 _aBogotá :
_bNorma : Escuela Colombiana de Ingeniería,
_c2005
300 _axvii, 433 páginas :
_bilustraciones y gráficas a blanco y negro ;
_c23 cm.
490 0 _aColección Vitral
500 _aIncluye datos biográficos del autor.
504 _aBibliografía: páginas 429-433
505 0 _aLa alternativa macroeconómica -- Globalización y ciclos -- Ciclo del producto, proteccionismo e integración -- Complementariedades y desarrollo -- Revolución industria y aprendizaje en el oficio -- Los determinantes de la revolución industrial -- El Alca, en contravía del desarrollo -- Bases para una política industrial -- Educación y mercadeo -- Desempleo y demanda efectiva -- Conciliación del crecimiento y la equidad -- Los derechos fundamentales -- El nuevo paradigma
520 3 _aLas tesis de Eduardo Sarmiento Palacio, hoy en día, cuentan con el amplio reconocimiento de los hechos. Sus cuestionamientos a los postulados de la teoría neoclásica, que sirvieron de base para consenso de Washington, son aceptados y repetidos por los gestores y autores del experimento. En trabajos anteriores se aparta de las concepciones tradicionales de mercado y competencia, demuestra que la ley de Say no se cumple en la economía colombiana, y encuentra que los modelos, basados en las realidades propias, constituyen mejores aproximaciones a los comportamientos de los agentes económicos. En esta obra plantea "un nuevo paradigma, fundamentado en la coordinación macroeconómica, el motor de la industrialización y la conciliación de la eficiencia y la equidad". Con este propósito, el autor tuvo que analizar aspectos cruciales del desarrollo como "el ajuste externo con reactivación, los milagros económicos y la erradicación estructural de la pobreza". Se destacan aquí el planteamiento sobre un nuevo banco central, que estaría en capacidad de ajustar el sector externo, reactivar la producción e incluso reducir el déficit fiscal; la teoría que ubica a la industria -por sus complementariedades, el aprendizaje en el oficio y las economías de escala, entre otros factores- como motor de crecimiento, y la afirmación de que "la eficiencia lleva muchas veces a la inequidad, el sistema capitalista le da mayor ponderación a la felicidad de los ricos y las fallas de mercado conducen en ocasiones a que el lucro individual se consiga a cambio de lesionar a los demás". En suma, este libro es un "método para resolver los dilemas no resueltos del desarrollo económicos del América Latina y una plataforma para construir las estructuras requeridas para materializarlo".
650 1 4 _aDistribución del ingreso
_917007
_zColombia
650 2 4 _aEstabilización económica
_zColombia
_97651
650 2 4 _aCrecimiento económico
_zColombia
_97354
942 _2ddc
_cBK
999 _c8347
_d8347